[Event "ESP-chT"]
[Site "Cordoba"]
[Date "1995.??.??"]
[Round "1"]
[White "Karpov, Anatoly"]
[Black "Speelman, Jonathan S"]
[Result "1/2-1/2"]
[WhiteElo "2780"]
[BlackElo "2610"]

1.d4 d6 2.Nf3 g6 3.g3 Bf5 4.Nh4 Bd7 5.e4 Bg7 6.c3 Qc8 7.Qb3 a5 8.a4 Be6 9.Qc2 d5
10.e5 c5 11.Na3 Nc6 12.Be3 Nh6 13.Qd2 Ng4 14.Bg2 cxd4 15.cxd4 Nxe3 16.Qxe3 O-O
17.O-O Qd7 18.Rfc1 f6 19.exf6 exf6 20.Nb5 Rfe8 21.Bf3 Bf7 22.Qd2 Re7 23.Rc5 Rae8
24.Rf1 Qd8 25.Ng2 Bf8 26.Rcc1 h5 27.Bd1 Kh7 28.f4 Qb6 29.Bf3 f5 30.Rfd1 Bg7
31.Qc3 Qd8 32.Re1 Rxe1+ 33.Nxe1 Qf6 34.Nc2 g5 35.fxg5 Qxg5 36.Rf1 h4 37.Bg2 hxg3
38.Qxg3 Qxg3 39.hxg3 Re7 40.Bh3 Re2 41.Bxf5+ Bg6 42.Bxg6+ Kxg6 43.Rf2 Re4
44.Nd6 Rg4 45.Kg2 Bxd4 46.Kh3 Bxf2 47.Kxg4 Ne5+ 48.Kf4 Nd3+ 49.Kf3 Bxg3  1/2-1/2

[Event "ESP-chT"]
[Site "Cordoba"]
[Date "1995.??.??"]
[Round "2"]
[White "Speelman, Jonathan S"]
[Black "Campora, Daniel H"]
[Result "1/2-1/2"]
[WhiteElo "2610"]
[BlackElo "2525"]

1.Nf3 d5 2.g3 Bg4 3.Bg2 Nd7 4.O-O c6 5.d4 e6 6.Nbd2 Ngf6 7.Re1 Be7 8.e4 O-O
9.c3 c5 10.exd5 Nxd5 11.Nc4 Rc8 12.Ne3 Nxe3 13.Bxe3 Nb6 14.dxc5 Qxd1 15.Raxd1 Bxc5
16.Bc1 Nd5 17.h3 Bh5 18.g4 Bg6 19.Ne5 Bc2 20.Rd2 Ba4 21.Bxd5 exd5 22.Rxd5 Rfd8
23.Rxd8+ Rxd8 24.Be3 Bxe3 25.Rxe3 Rd1+ 26.Kg2 f6 27.b3 Be8 28.Nc4 Bc6+ 29.f3 Kf7
30.Kf2 g5 31.Na5 Bd5 32.c4 b6 33.cxd5 bxa5 34.Rc3 Rxd5 35.Ke3 a4 36.bxa4 Ra5
37.Rc4 Kg6 38.Kd3 h5 39.Kc3 Re5 40.Re4 Rc5+ 41.Kb4 Rc2 42.f4 hxg4 43.hxg4 gxf4
44.Rxf4 Rxa2 45.Kb5 Rg2 46.a5 Kg5  1/2-1/2

[Event "ESP-chT"]
[Site "Cordoba"]
[Date "1995.??.??"]
[Round "7"]
[White "Speelman, Jonathan S"]
[Black "Garcia, Pio Jesus"]
[Result "1-0"]
[WhiteElo "2610"]
[BlackElo "2290"]

1.Nf3 d5 2.g3 c6 3.Bg2 Bg4 4.O-O Nd7 5.d4 e6 6.Nbd2 f5 7.c4 Bd6 8.Qb3 Rb8
9.Re1 Ngf6 10.Ng5 Qe7 11.f3 h6 12.Nxe6 Qxe6 13.fxg4 f4 14.cxd5 cxd5 15.gxf4 Bxf4
16.e4 Nxg4 17.Nf1 O-O 18.h3 Nf2 19.Re2 Bxc1 20.Rxc1 Qf7 21.e5 Nb6 22.e6 Qf4
23.e7 Qxc1 24.exf8=Q+ Rxf8 25.Rxf2 Rxf2 26.Kxf2 Qf4+ 27.Ke2 Qxd4 28.Ne3  1-0

[Event "ESP-chT"]
[Site "Cordoba"]
[Date "1995.??.??"]
[Round "8"]
[White "Illescas Cordoba, Miguel"]
[Black "Speelman, Jonathan S"]
[Result "0-1"]
[WhiteElo "2595"]
[BlackElo "2610"]

1.d4 e6 2.Nf3 f5 3.g3 Nf6 4.Bg2 Be7 5.c4 c6 6.O-O O-O 7.Nc3 d5 8.Bg5 h6 9.Bxf6 Bxf6
10.e3 Qe7 11.cxd5 cxd5 12.Ne5 Bxe5 13.dxe5 Nc6 14.f4 Bd7 15.Rc1 Be8 16.Qd2 Rd8
17.Ne2 g5 18.Nd4 Rf7 19.Rfd1 Kh7 20.Qe2 gxf4 21.exf4 Nxd4 22.Rxd4 Rd7 23.Qe3 Rc7
24.Rdd1 Qb4 25.Rxc7 Rxc7 26.Rc1 Rxc1+ 27.Qxc1 Qd4+ 28.Kh1 Bc6 29.h3 Qf2 30.Qg1 Qxg3
31.Qc5 Qxf4 32.Qe7+ Kg6 33.Qxe6+ Kh5 34.Qf6 Qg5 35.Qd6 Qc1+ 36.Kh2 Qf4+ 37.Kg1 d4
38.Bxc6 bxc6 39.Kg2 Qe4+  0-1

[Event "Kropotkin"]
[Site "Kropotkin"]
[Date "1995.??.??"]
[Round "2"]
[White "Poluljahov, Aleksandr"]
[Black "Speelman, Jonathan S"]
[Result "1/2-1/2"]
[WhiteElo "2450"]
[BlackElo "2610"]

1.d4 d6 2.Nf3 g6 3.c4 Bg7 4.Nc3 Bg4 5.e3 Nf6 6.Be2 a6 7.O-O O-O 8.e4 Nc6
9.Be3 Nd7 10.Ne1 Bxe2 11.Nxe2 Na5 12.Rc1 c5 13.Nd3 cxd4 14.Nxd4 Nf6 15.b4 Nc6
16.Nxc6 bxc6 17.e5 dxe5 18.Nxe5 Qc7 19.Nd3 a5 20.b5 cxb5 21.cxb5 Qb8 22.a4 Rd8
23.Qe2 Nd5 24.Bd2 Qd6 25.Nc5 Rdc8 26.Nb7 Qa3 27.Rxc8+ Rxc8 28.Nxa5 Rc2 29.Qe4 Qa2
30.Be3 Nxe3 31.Qxe3 Qxa4 32.Qd3 Rb2 33.Nc6 Bf6 34.Qd8+ Kg7 35.Nxe7 Bxe7 36.Qxe7 Qxb5  1/2-1/2

[Event "Kropotkin"]
[Site "Kropotkin"]
[Date "1995.??.??"]
[Round "5"]
[White "Speelman, Jonathan S"]
[Black "Lputian, Smbat G"]
[Result "0-1"]
[WhiteElo "2610"]
[BlackElo "2630"]

1.d4 d5 2.Nf3 Nf6 3.c4 e6 4.Bg5 Be7 5.e3 h6 6.Bh4 O-O 7.Nc3 b6 8.Be2 Bb7
9.Bxf6 Bxf6 10.cxd5 exd5 11.b4 c6 12.O-O a5 13.a3 Nd7 14.Qb3 Re8 15.Rad1 axb4
16.axb4 b5 17.Ne1 Nb6 18.Nd3 Bc8 19.Nc5 Bf5 20.Ra1 Be7 21.Ra2 Rxa2 22.Qxa2 Bd6
23.Ra1 Qh4 24.g3 Qg5 25.Bd3 Bxd3 26.Nxd3 Rxe3 27.fxe3 Qxe3+ 28.Qf2 Qxd3 29.Ne2 Bxb4
30.Ra7 Qb1+ 31.Kg2 Qe4+ 32.Qf3 Qe8 33.Nf4 Nc4 34.Qe2 Qxe2+ 35.Nxe2 Bd2 36.Rb7 Kf8
37.Kf3 b4 38.Nf4 Bc3 39.Nd3 b3 40.Ne5 Nxe5+ 41.dxe5 b2 42.Ke3 c5 43.Kd3 Bxe5
44.Kc2 Ke8 45.g4 g5 46.h3 f6 47.Rb5 Bd4 48.Rb7 Kd8 49.Kb1 Kc8 50.Ra7 Bc3
51.Ra3 d4 52.Ra6 d3 53.Rc6+ Kd7 54.Rxc5 d2 55.Rd5+ Ke6  0-1

[Event "Kropotkin"]
[Site "Kropotkin"]
[Date "1995.??.??"]
[Round "7"]
[White "Speelman, Jonathan S"]
[Black "Portisch, Lajos"]
[Result "1/2-1/2"]
[WhiteElo "2610"]
[BlackElo "2585"]

1.d4 d5 2.c4 c6 3.cxd5 cxd5 4.Nc3 Nf6 5.Bf4 Nc6 6.e3 a6 7.Nf3 Bg4 8.Be2 e6
9.O-O Bd6 10.Bg3 O-O 11.Rc1 Rc8  1/2-1/2

[Event "PCA/Intel-GP"]
[Site "Moscow"]
[Date "1995.??.??"]
[Round "?"]
[White "Speelman, Jonathan S"]
[Black "Topalov, Veselin"]
[Result "1-0"]
[WhiteElo "2610"]
[BlackElo "2630"]

1.Nf3 Nf6 2.d4 g6 3.Bg5 Bg7 4.Nbd2 O-O 5.c3 h6 6.Bxf6 Bxf6 7.e4 d6 8.Bc4 Bg7
9.Qe2 c5 10.dxc5 dxc5 11.O-O Nc6 12.h3 Qc7 13.Rfe1 Rd8 14.e5 Rb8 15.e6 f5
16.h4 Na5 17.Bd3 Rd6 18.Nc4 Rxe6 19.Qxe6+ Bxe6 20.Rxe6 Kf7 21.Rae1 Nc6 22.h5 g5
23.Bxf5 Bf6 24.Ne3 Rd8 25.Ng4 Kg7 26.Nxf6 exf6 27.b4 cxb4 28.Nd4 Rd6 29.Re8 Ne5
30.Ne6+ Rxe6 31.Bxe6 bxc3 32.Bb3 Qd7 33.Ra8 b6 34.Rd1 Qe7 35.Rdd8 f5 36.Rg8+ Kh7
37.Rh8+ Kg7 38.Rag8+ Kf6 39.Rxh6+ Ng6 40.Rgxg6+ Ke5  1-0

[Event "PCA/Intel-GP"]
[Site "Moscow"]
[Date "1995.??.??"]
[Round "?"]
[White "Speelman, Jonathan S"]
[Black "Topalov, Veselin"]
[Result "1-0"]
[WhiteElo "2610"]
[BlackElo "2630"]

1.d4 Nf6 2.c4 g6 3.Nc3 Bg7 4.e4 d6 5.Nf3 O-O 6.Be2 e5 7.d5 Nbd7 8.Bg5 h6
9.Bh4 g5 10.Bg3 Nh5 11.Nd2 Nf4 12.O-O f5 13.exf5 Nxe2+ 14.Qxe2 Nf6 15.Nde4 Bxf5
16.f3 b6 17.b4 a5 18.a3 Nh5 19.Bf2 Nf4 20.Qd2 Qe8 21.Be3 Qg6 22.g4 Bd7 23.c5 axb4
24.axb4 Rxa1 25.Rxa1 bxc5 26.bxc5 h5 27.Bxf4 exf4 28.c6 Bxg4 29.fxg4 hxg4
30.Ra7 f3 31.Rxc7 Be5 32.Re7 Bf4 33.Qf2 Qh6 34.c7 Ra8 35.Nd1 Kf8 36.Rd7 Ke8
37.Rh7  1-0

[Event "Moscow PCA-Intel qual"]
[Site "Moscow"]
[Date "1995.??.??"]
[Round "6"]
[White "Speelman, Jonathan S"]
[Black "Kharlov, Andrei"]
[Result "1-0"]
[WhiteElo "2610"]
[BlackElo "2555"]

1.Nf3 d5 2.g3 Bg4 3.Bg2 Nd7 4.O-O c6 5.d4 Ngf6 6.Nbd2 e6 7.Re1 Bd6 8.e4 dxe4
9.Nxe4 Nxe4 10.Rxe4 Nf6 11.Re1 O-O 12.c3 Re8 13.Qb3 Qc7 14.Ne5 Bh5 15.Nc4 Re7
16.Bg5 h6 17.Bxf6 gxf6 18.a4 Rd7 19.Nxd6 Rxd6 20.a5 Rad8 21.Qc4 Bg6 22.b4 R8d7
23.Qe2 Kg7 24.h4 Qd8 25.Qg4 Kh7 26.Qf4 Bc2 27.Rac1 Bb3 28.a6 b5 29.Bxc6 Rxc6
30.Qe4+ f5 31.Qxc6 Bc4 32.Re5 Rc7 33.Qf3 Bd5 34.Rxd5 Qxd5 35.Qxd5 exd5 36.Re1 Kg6
37.Re5 Rxc3 38.Rxd5 Rc6 39.Rxb5 Rxa6 40.Kg2 Ra3 41.Ra5 Rb3 42.Ra4 h5 43.f4 f6
44.d5 Rd3 45.Rxa7 Rxd5 46.Rb7 Rd3 47.b5 Rb3 48.b6 Kh6 49.Kf2 Kg6 50.Ke2 Rxg3
51.Rc7 Rb3 52.b7  1-0

[Event "Moscow PCA-Intel qual"]
[Site "Moscow"]
[Date "1995.??.??"]
[Round "7"]
[White "Chernin, Alexander"]
[Black "Speelman, Jonathan S"]
[Result "1/2-1/2"]
[WhiteElo "2600"]
[BlackElo "2610"]

1.d4 e6 2.c4 b6 3.a3 Nf6 4.Nc3 Bb7 5.Nf3 d5 6.Bg5 Be7 7.Qa4+ c6 8.Bxf6 Bxf6
9.cxd5 exd5 10.g3 O-O 11.Bg2 c5 12.O-O Bc6 13.Qd1 Nd7 14.Rc1 Re8 15.e3 Nf8
16.b4 c4 17.b5 Bb7 18.Ne1 Qd7 19.Nc2 Be7 20.Qh5 Rad8 21.a4 g6 22.Qf3 Ne6
23.h4 Rf8 24.Ra1 Qc7 25.Rfb1 f5 26.Nb4 Bxb4 27.Rxb4 Qe7 28.Rb2 f4 29.gxf4 Qxh4
30.a5 Rf7 31.axb6 axb6 32.Ra7 Kh8 33.Rba2 Qf6 34.Qg3 h6 35.Qg4 Ng7 36.Rxb7 Rxb7
37.Bxd5 Rbd7 38.Bc6 Rf7 39.Ne4 Qe7 40.Qxg6 Nf5 41.Kf1 Rg8 42.Qh5 Qb4 43.Ra1 Qb2
44.Qxf7 Qxa1+ 45.Ke2 Qb2+ 46.Nd2 c3 47.Qf6+ Rg7 48.Qf8+ Rg8 49.Qf6+  1/2-1/2

[Event "Moscow PCA-Intel qual"]
[Site "Moscow"]
[Date "1995.??.??"]
[Round "9"]
[White "Speelman, Jonathan S"]
[Black "Smirin, Ilia"]
[Result "1/2-1/2"]
[WhiteElo "2610"]
[BlackElo "2630"]

1.Nf3 Nf6 2.g3 g6 3.Bg2 Bg7 4.O-O O-O 5.d4 d5 6.Ne5 c5 7.dxc5 Qc7 8.Nd3 Nc6
9.Nc3 Rd8 10.Bg5 Ne4 11.Nxe4 dxe4 12.Bxe4 Bh3 13.Re1 Bxb2 14.Rb1 Bg7 15.Qc1 Rd4
16.Bh1 Rad8 17.Nf4 Bc8 18.c4 Qa5 19.Nd5 Qxa2 20.Bxe7 R8xd5  1/2-1/2

[Event "Moscow PCA-Intel qual"]
[Site "Moscow"]
[Date "1995.??.??"]
[Round "10"]
[White "Speelman, Jonathan S"]
[Black "Morozevich, Alexander"]
[Result "1/2-1/2"]
[WhiteElo "2610"]
[BlackElo "2605"]

1.Nf3 Nc6 2.e4 e5 3.Bc4 Bc5 4.c3 Nf6 5.d3 d6 6.a4 a6 7.O-O O-O 8.Nbd2 Ba7
9.Re1 Ne7 10.Nf1 c6 11.Bb3 Ng6 12.Be3 Bb8 13.Ng3 h6 14.d4 Bc7 15.dxe5 dxe5
16.Bc5 Re8 17.h3 b6 18.Be3 Qe7 19.Nf5 Qf8 20.Nd2 Nf4 21.Bxf4 exf4 22.Nd4 Bb7
23.N4f3 Nd7 24.Ba2 Rad8 25.Qc2 b5 26.axb5 cxb5 27.b4 Rc8 28.Bd5 Bxd5 29.exd5 Rxe1+
30.Rxe1 Nf6 31.Qa2 Qd6 32.Ne4 Nxe4 33.Rxe4 Bb6 34.c4 bxc4 35.Rxc4 Rd8 36.Rc6 Qxb4
37.Qxa6 Qb1+ 38.Qf1 Qb2 39.d6 Ra8 40.d7 Ra1 41.Ne1 Rd1 42.Rc8+ Kh7 43.Rb8 Qxf2+
44.Qxf2 Rxe1+ 45.Kh2 Bxf2  1/2-1/2

[Event "PCA/Intel-GP"]
[Site "New York"]
[Date "1995.??.??"]
[Round "1"]
[White "Kortschnoj, Viktor"]
[Black "Speelman, Jonathan S"]
[Result "1/2-1/2"]
[WhiteElo "2635"]
[BlackElo "2610"]

1.d4 e6 2.c4 b6 3.e4 Bb7 4.f3 Bb4+ 5.Bd2 Bxd2+ 6.Qxd2 Nh6 7.Nc3 O-O 8.O-O-O f5
9.Nh3 Nc6 10.d5 Ne5 11.f4 Neg4 12.Be2 fxe4 13.Nxe4 exd5 14.cxd5 Nf6 15.Nc3 a6
16.Bf3 Nf5 17.Qf2 Qe7 18.d6 Nxd6 19.Rxd6 Bxf3 20.Rxf6 Qxf6 21.Qxf3 c6 22.g3 d5
23.Qd3 h6 24.Nf2 Qe6 25.Qd4 Rad8 26.Nd3 c5 27.Qe5 Qf7 28.Qe2 d4 29.Ne5 Qe6
30.Ne4 d3 31.Nxd3 Qc4+ 32.Kd2 Rfe8 33.Re1 Qxa2 34.Kc3 c4 35.Nc1 Qa5+ 36.Kc2 Qd5
37.Na2 b5 38.Nac3 Qf7 39.Kc1 b4 40.Nd1 a5 41.Ndf2 a4 42.Ng4 c3 43.bxc3 bxc3
44.Nef6+ gxf6 45.Nxh6+ Kf8 46.Nxf7 Rxe2 47.Rxe2 Kxf7 48.Kc2 Rc8 49.Re4 Ra8
50.Kxc3 a3 51.Re1 Kg6 52.Ra1 Kf5 53.Kb3 Kg4 54.Rxa3 Rb8+ 55.Kc3 Kh3 56.Ra2 f5
57.Kd4 Re8 58.Kd5 Re1 59.Ra6 Kxh2 60.Rg6 Kg2 61.Rg5 Kf3  1/2-1/2

[Event "New York PCA-qual"]
[Site "New York"]
[Date "1995.??.??"]
[Round "2"]
[White "Speelman, Jonathan S"]
[Black "Polgar, Zsuzsa"]
[Result "1-0"]
[WhiteElo "2610"]
[BlackElo "2550"]

1.Nf3 d5 2.g3 c6 3.Bg2 Bg4 4.O-O Nd7 5.d4 e6 6.Nbd2 Ngf6 7.Re1 Bd6 8.e4 dxe4
9.Nxe4 Nxe4 10.Rxe4 Bxf3 11.Qxf3 O-O 12.c3 e5 13.Qd1 Qc7 14.dxe5 Nxe5 15.Qc2 h6
16.Bf4 Rad8 17.Rd1 Ng6 18.Be3 Be7 19.Re1 Rfe8 20.h4 Bd6 21.Bxa7 Rxe4 22.Bxe4 b6
23.Bxg6 Qxa7 24.Be4 Qxa2 25.Bxc6 Ba3 26.Re2 Bc5 27.Kg2 Qa1 28.Ba4 Qa2 29.Qe4 Qd5
30.Qxd5 Rxd5 31.Re8+ Kh7 32.b4 Bd6 33.Bb3 Rd2 34.Bxf7 g5 35.hxg5 hxg5 36.Re6 Bc7
37.Bg6+ Kg7 38.Re7+ Kxg6 39.Rxc7 b5 40.Rc6+ Kh5 41.Rc5 Rc2 42.Rxb5 Rxc3 43.f4  1-0

[Event "New York PCA-qual"]
[Site "New York"]
[Date "1995.??.??"]
[Round "3"]
[White "Ljubojevic, Ljubomir"]
[Black "Speelman, Jonathan S"]
[Result "1/2-1/2"]
[WhiteElo "2580"]
[BlackElo "2610"]

1.c4 b6 2.d4 e6 3.Nf3 Bb7 4.g3 Bb4+ 5.Bd2 Bxf3 6.exf3 Bxd2+ 7.Qxd2 Nf6 8.Nc3 O-O
9.Bg2 d5 10.f4 c6 11.b3 Na6 12.O-O Qd7 13.Rad1 Nc7 14.Rfe1 Rfd8 15.Qe2  1/2-1/2

[Event "New York PCA-qual"]
[Site "New York"]
[Date "1995.??.??"]
[Round "4"]
[White "Speelman, Jonathan S"]
[Black "Chernin, Alexander"]
[Result "1/2-1/2"]
[WhiteElo "2610"]
[BlackElo "2600"]

1.Nf3 d5 2.g3 c6 3.Bg2 Bg4 4.O-O Nd7 5.d4 e6 6.Nbd2 Ngf6 7.Re1 Be7 8.e4 O-O
9.c3 Rc8 10.b4 a5 11.a3 Ra8 12.Bb2 Nb6 13.e5 Ne8 14.Qb3 axb4 15.axb4 Nc7
16.Rxa8 Nbxa8 17.Ra1 Nb5 18.Nf1 Nac7 19.Ne3 Bh5 20.Re1 b6 21.h4 Bg6 22.Nh2 Qd7
23.Qd1 h6 24.Bf1 Rd8 25.Ng2 c5 26.bxc5 bxc5 27.Nf4 Bf5 28.dxc5 Bxc5 29.Nf3 Bg4
30.Qb3 Bf5 31.Qd1 Na8 32.c4 dxc4 33.Qxd7 Rxd7 34.Bxc4 Nbc7 35.Rc1 Nb6 36.Be2 Na4
37.Bd4  1/2-1/2

[Event "New York PCA-qual"]
[Site "New York"]
[Date "1995.??.??"]
[Round "6"]
[White "Speelman, Jonathan S"]
[Black "Alburt, Lev O"]
[Result "1-0"]
[WhiteElo "2610"]
[BlackElo "2560"]

1.Nf3 Nf6 2.d4 c5 3.d5 e6 4.Nc3 b5 5.dxe6 fxe6 6.Nxb5 Qa5+ 7.Nc3 d5 8.e3 Be7
9.Be2 O-O 10.O-O Nc6 11.Bd2 Qd8 12.b3 Kh8 13.Bd3 Bb7 14.e4 Nd4 15.exd5 Nxf3+
16.Qxf3 exd5 17.Rae1 Ne4 18.Qh3 Bc8 19.Qh5 g6 20.Qh6 Rf5 21.Nxe4 dxe4 22.Rxe4 Bf6
23.Ba5 Qd7 24.Qf8+  1-0

[Event "New York PCA-qual"]
[Site "New York"]
[Date "1995.??.??"]
[Round "9"]
[White "Speelman, Jonathan S"]
[Black "De Firmian, Nick E"]
[Result "1-0"]
[WhiteElo "2610"]
[BlackElo "2590"]

1.Nf3 c5 2.g3 Nc6 3.Bg2 g6 4.O-O Bg7 5.c4 d6 6.Nc3 e5 7.d3 Nge7 8.Rb1 O-O
9.a3 a5 10.Bg5 f6 11.Bd2 Be6 12.Ne1 Rb8 13.Nc2 d5 14.cxd5 Nxd5 15.b4 axb4
16.Nxd5 Bxd5 17.Bxd5+ Qxd5 18.axb4 cxb4 19.Nxb4 Nxb4 20.Rxb4 b5 21.Qb3 Qxb3
22.Rxb3 Rfc8 23.Rb2 Bf8 24.Rfb1 Rb7 25.Kf1 Rcb8 26.Bb4 Bxb4 27.Rxb4 Rb6 28.Rc1 R8b7
29.Rc5 Kf7 30.e3 h5 31.h4 Ke6 32.Ke2 Kd6 33.d4 exd4 34.exd4 Rb8 35.Ke3 R8b7
36.Kf4 Ke6 37.f3 Kd6 38.g4 hxg4 39.fxg4 Rh7 40.h5 gxh5 41.gxh5 Rhb7 42.Kf5 Ke7
43.Rb3 Rd6 44.d5 Kf7 45.h6 Re7 46.Rh3 Re5+ 47.Kf4 Rd8 48.Rc7+ Kg8 49.Rg3+ Kh8
50.Rgg7 Rg5 51.Rxg5 fxg5+ 52.Ke5 b4 53.d6 b3 54.Rb7 g4 55.Rxb3 Kh7 56.Rg3 Rg8
57.d7 Kxh6 58.Rxg4 Rxg4 59.d8=Q Rg5+ 60.Kf6 Rg6+ 61.Kf5 Kh7 62.Qe7+ Kh6 63.Qf8+ Kh7
64.Qf7+ Rg7 65.Qh5+ Kg8 66.Kf6  1-0

[Event "NLD-chT9596"]
[Site "?"]
[Date "1995.??.??"]
[Round "?"]
[White "Gurevich, Mikhail"]
[Black "Speelman, Jonathan S"]
[Result "0-1"]
[WhiteElo "2605"]
[BlackElo "2610"]

1.d4 e6 2.c4 b6 3.a3 Nf6 4.Nc3 Bb7 5.Nf3 d5 6.Qc2 a6 7.cxd5 Nxd5 8.Bg5 Be7
9.Bxe7 Qxe7 10.Nxd5 Bxd5 11.Rc1 c5 12.dxc5 bxc5 13.Qxc5 Qxc5 14.Rxc5 Nd7
15.Rc3 Ke7 16.Nd2 Rac8 17.e4 Rxc3 18.bxc3 Bc6 19.Kd1 Nc5 20.f3 Rd8 21.Kc1 Ba4
22.Bc4 Nd3+ 23.Bxd3 Rxd3 24.Nb1 a5 25.Re1 h5 26.Re2 h4 27.h3 Rd1+ 28.Kb2 Bb5
29.Rc2 Bc4 30.e5 Rg1 31.Rd2 g5 32.f4 gxf4 33.Rd4 Rxg2+ 34.Kc1 Rg1+ 35.Kb2 f3
36.Nd2 f2 37.Rxc4 Rd1 38.Rf4 Rxd2+ 39.Kb3 f5 40.Ka4 Re2 41.c4 Re4 42.Rxf2 Rxc4+
43.Kxa5 Rc5+ 44.Kb6 Rxe5 45.a4 Re3 46.a5 Rxh3 47.Ra2 Kd6 48.Rd2+ Ke5 49.Re2+ Kf4
50.Rxe6 Rb3+ 51.Kc7 Ra3 52.Kb6 h3 53.a6 h2 54.Rh6 Kg3 55.a7 f4 56.Rg6+ Kf2
57.Rh6 Kg1 58.Rg6+ Kh1 59.Rf6 f3 60.Rf8 Kg2 61.Rg8+ Kh3 62.Rh8+ Kg3 63.Rg8+ Kf4
64.Rf8+ Kg5 65.Rg8+ Kf6 66.Rf8+ Ke6 67.Rxf3 Rxa7 68.Rh3 Ra2 69.Rh5 Rc2 70.Kb5 Kf6
71.Kb4 Kg6 72.Rh8 Kg5 73.Kb3 Re2 74.Kc3 Kf4 75.Kd3 Ra2 76.Rh7 Kf3  0-1

[Event "PCA/Intel-GP"]
[Site "Paris"]
[Date "1995.??.??"]
[Round "1"]
[White "Speelman, Jonathan S"]
[Black "Chernin, Alexander"]
[Result "0-1"]
[WhiteElo "2620"]
[BlackElo "2600"]

1.d4 d5 2.Nf3 c6 3.Bf4 Nf6 4.e3 Bg4 5.c4 Qb6 6.Qc2 e6 7.Bd3 Nbd7 8.Nc3 Be7
9.c5 Qd8 10.Ne5 Bh5 11.b4 Nxe5 12.Bxe5 Bg6 13.Rb1 O-O 14.O-O Nd7 15.Bg3 Bf6
16.Bxg6 hxg6 17.Rfd1 b5 18.a4 a6 19.e4 Re8 20.Bd6 dxe4 21.Nxe4 Be7 22.Ra1 Nf6
23.Nxf6+ gxf6 24.Bg3 Qd5 25.h3 Bf8 26.Ra3 Rad8 27.Rdd3 Rd7 28.Kh2 Red8 29.axb5 axb5
30.Qe2 Bg7 31.Bd6 Bf8 32.Bg3 Be7 33.f3 Qc4 34.Qe4 Rd5 35.Ra7 f5 36.Qe3 Bf6
37.Bc7 Rc8 38.Rc3 Qxb4 39.Be5 Bxe5+ 40.dxe5 f4 41.Qc1 Qd4 42.Rca3 Rxc5 43.Qe1 Rxe5
44.Qh4 Qd8 45.Qxf4 Rf5 46.Qg3 Qf6 47.Re3 Rg5 48.Qf2 Re5 49.Rxe5 Qxe5+ 50.f4 Qd6
51.Qg3 c5 52.Rb7 c4 53.Rxb5 c3 54.Rb1 c2 55.Rc1 Qd2 56.Qa3 Qxf4+ 57.Kg1 Rd8
58.Qa1 Rd2 59.Rf1 Qd4+  0-1

[Event "PCA/Intel-GP"]
[Site "Paris"]
[Date "1995.??.??"]
[Round "1"]
[White "Chernin, Alexander"]
[Black "Speelman, Jonathan S"]
[Result "1-0"]
[WhiteElo "2600"]
[BlackElo "2620"]

1.c4 g6 2.Nc3 Bg7 3.g3 e5 4.Bg2 d6 5.d3 f5 6.e4 c6 7.Nge2 Nf6 8.O-O O-O 9.h3 Be6
10.exf5 Bxf5 11.d4 Nbd7 12.d5 cxd5 13.Nxd5 h6 14.Be3 Kh7 15.Nec3 Rc8 16.b3 Nc5
17.Nxf6+ Qxf6 18.Bxc5 dxc5 19.Ne4 Qe6 20.g4 Bxe4 21.Bxe4 Rcd8 22.Qe2 Rd4
23.Rad1 Rf4 24.f3 b6 25.Kg2 Qf6 26.Rxd4 exd4 27.Bd3 Bf8 28.Qe8 Kg7 29.Qd7+ Qf7
30.Qxf7+ Kxf7 31.Re1 Bd6 32.Be4 Kf6 33.h4 h5 34.Bd5 d3 35.Re6+ Kg7 36.Be4 Rxe4
37.fxe4 Bf4 38.Re7+ Kf6 39.Rd7  1-0

[Event "NLD-chT playoff"]
[Site "Breda"]
[Date "1996.??.??"]
[Round "?"]
[White "Riemersma, Liafbern"]
[Black "Speelman, Jonathan S"]
[Result "0-1"]
[WhiteElo "2390"]
[BlackElo "2625"]

1.e4 c6 2.d4 d5 3.exd5 cxd5 4.c4 Nf6 5.Nc3 e6 6.Nf3 Bb4 7.cxd5 Nxd5 8.Qc2 Nc6
9.a3 Be7 10.Bd3 h6 11.O-O O-O 12.Rd1 Bf6 13.Qe2 Nxd4 14.Nxd4 Bxd4 15.Qe4 Nf6
16.Qh4 e5 17.Bxh6 Ng4 18.Bg5 Bxf2+ 19.Qxf2 Qxg5 20.Qg3 Qh6 21.Nd5 Rd8 22.Be4 Rxd5
23.Rxd5 Bf5 24.Rb5 Rc8 25.Rf1 Bxe4 26.Qxg4 Qe3+ 27.Kh1 Rc1  0-1

[Event "Calcutta op"]
[Site "Calcutta"]
[Date "1996.??.??"]
[Round "2"]
[White "Murugan, Krishnamoorthy"]
[Black "Speelman, Jonathan S"]
[Result "1/2-1/2"]
[WhiteElo "2410"]
[BlackElo "2625"]

1.d4 e6 2.c4 b6 3.Nc3 Bb4 4.Bd2 Bb7 5.e3 Nf6 6.Nf3 O-O 7.Bd3 d5 8.O-O dxc4
9.Bxc4 Nbd7 10.Qe2 a6 11.Rfd1 Qe7 12.Rac1 e5 13.dxe5 Nxe5 14.Nxe5 Qxe5 15.f4 Qe7
16.Nd5 Bxd5 17.Bxb4 Bxc4 18.Rxc4 c5 19.Bc3 Rfd8 20.Rxd8+ Rxd8 21.Bxf6 Qxf6
22.Rc3 g6 23.h3 Kg7 24.Kh2 a5 25.Rc2 Qe6 26.b3 Qe4 27.Rd2 Re8 28.Rd6 Qxf4+
29.exf4 Rxe2 30.Rxb6 Rxa2 31.Rb5 a4 32.bxa4 Rxa4 33.Rxc5 Rxf4 34.g4 Rf3 35.Kg2 Rd3
36.g5 Rb3  1/2-1/2

[Event "Calcutta op"]
[Site "Calcutta"]
[Date "1996.??.??"]
[Round "3"]
[White "Speelman, Jonathan S"]
[Black "Shankar, Roy"]
[Result "1-0"]
[WhiteElo "2625"]
[BlackElo "2295"]

1.Nf3 d5 2.g3 Nf6 3.Bg2 Bf5 4.d3 Nbd7 5.Nh4 Bg6 6.c4 e6 7.Qb3 Nc5 8.Qc2 c6
9.Nxg6 hxg6 10.a3 a5 11.d4 Ncd7 12.b3 Bd6 13.Nc3 O-O 14.O-O dxc4 15.bxc4 e5
16.dxe5 Bxe5 17.Rb1 Nc5 18.Na4 Nfd7 19.Nxc5 Nxc5 20.Be3 Qe7 21.Bxc5 Qxc5
22.Rxb7 Rab8 23.Rfb1 Rxb7 24.Rxb7 Rd8 25.e3 f5 26.a4 Kh7 27.Bf3 Rd6 28.Kg2 Qa3
29.c5 Rd3 30.Qc4 Rd2 31.Qh4+ Kg8 32.Be2 Rxe2 33.Qc4+ Kh7 34.Qxe2 Qxc5 35.Qd3 Qf8
36.Qc4 c5 37.Qd5 Bc3 38.Rd7 Bf6 39.Ra7 Qe8 40.Ra8  1-0

[Event "Calcutta op"]
[Site "Calcutta"]
[Date "1996.??.??"]
[Round "8"]
[White "Nenashev, Alexander"]
[Black "Speelman, Jonathan S"]
[Result "1/2-1/2"]
[WhiteElo "2595"]
[BlackElo "2625"]

1.d4 e6 2.Nf3 c5 3.g3 cxd4 4.Nxd4 Bc5 5.Be3 Na6 6.Bg2 Nf6 7.O-O O-O 8.Bf4 d5
9.Nb3 Be7 10.Nc3 Bb4 11.Qd4 Bd7 12.Rfd1  1/2-1/2

[Event "Calcutta op"]
[Site "Calcutta"]
[Date "1996.??.??"]
[Round "10"]
[White "Speelman, Jonathan S"]
[Black "Novikov, Igor A"]
[Result "1/2-1/2"]
[WhiteElo "2625"]
[BlackElo "2590"]

1.Nf3 d5 2.g3 c6 3.Bg2 Bg4 4.O-O Nd7 5.d4 e6 6.Nbd2 Ngf6 7.Re1 Be7 8.e4 dxe4
9.Nxe4 Nxe4 10.Rxe4 Nf6 11.Re1 O-O 12.c3 a5 13.h3 Bxf3 14.Qxf3 Qb6 15.Rb1 Rfd8
16.Be3 Nd5 17.Bd2 Rd7 18.Qe2 Bf6 19.h4 Qd8 20.Be4 b5 21.Qh5 g6 22.Qf3 h5
23.Kg2 Bg7 24.Bg5 Qf8 25.Re2 Bh6 26.Bxh6 Qxh6  1/2-1/2

[Event "Calcutta op"]
[Site "Calcutta"]
[Date "1996.??.??"]
[Round "11"]
[White "Rahman, Ziaur"]
[Black "Speelman, Jonathan S"]
[Result "0-1"]
[WhiteElo "2455"]
[BlackElo "2625"]

1.c4 b6 2.Nc3 e6 3.Nf3 Bb7 4.e4 Bb4 5.Bd3 Ne7 6.O-O O-O 7.Bc2 f5 8.d4 Bxc3
9.bxc3 Bxe4 10.Bxe4 fxe4 11.Ng5 Qe8 12.Nxe4 Qg6 13.Ng3 Nbc6 14.Ba3 Rae8 15.Qe2 d6
16.f4 Nf5 17.Ne4 Nd8 18.c5 bxc5 19.dxc5 d5 20.Nd2 Nc6 21.Nf3 d4 22.Rac1 Ne3
23.Nxd4 Nxd4 24.Qxe3 Nc2 25.Qf3 Nxa3 26.c4 e5 27.Qxa3 exf4 28.Qf3 Re5 29.c6 Rc5
30.Rce1 Qxc6 31.Qxc6 Rxc6 32.Re4 Ra6 33.Rf2 h6 34.h4 Ra4 35.Kh2 Rf7 36.Rd4 Rf6
37.Rfd2 f3 38.gxf3 Rxf3 39.Kg2 Rc3 40.Rb2 Rcxc4 41.Rd7 Rxh4 42.Rxc7 Ra3 43.Kg1 Rg4+
44.Kf1 Kh7 45.Re2 Rf3+ 46.Ke1 Rg1+ 47.Kd2 Ra3  0-1

[Event "Politiken Cup"]
[Site "Copenhagen"]
[Date "1996.??.??"]
[Round "1"]
[White "Speelman, Jonathan S"]
[Black "Koskinen, Henri"]
[Result "1-0"]
[WhiteElo "2625"]
[BlackElo "2230"]

1.Nf3 Nf6 2.d4 d5 3.c4 c6 4.e3 e6 5.Nbd2 Nbd7 6.Bd3 c5 7.cxd5 Nxd5 8.O-O Be7
9.Nb3 cxd4 10.Nbxd4 O-O 11.a3 Bf6 12.Re1 g6 13.e4 Ne7 14.Bh6 Bg7 15.Bxg7 Kxg7
16.e5 Nf5 17.Nxf5+ gxf5 18.Bf1 Nb6 19.Nd4 Bd7 20.Qh5 Nd5 21.Rad1 Bc6 22.Nxc6 bxc6
23.Re3 Rh8 24.Rg3+ Kf8 25.Qh6+ Ke7 26.Rxd5  1-0

[Event "Politiken Cup"]
[Site "Copenhagen"]
[Date "1996.??.??"]
[Round "2"]
[White "Hillarp Persson, Tiger"]
[Black "Speelman, Jonathan S"]
[Result "1/2-1/2"]
[WhiteElo "2410"]
[BlackElo "2625"]

1.d4 e6 2.Nf3 c5 3.e3 Nf6 4.c4 cxd4 5.exd4 d5 6.Nc3 Bb4 7.Bd3 dxc4 8.Bxc4 O-O
9.O-O b6 10.Bg5 Bb7 11.Re1 Nbd7 12.Rc1 Rc8 13.Bd3 Re8 14.Bb1 b5 15.Qd3 a6
16.a3 Bxc3 17.Rxc3 Rxc3 18.Qxc3 h6 19.Bh4 Qc8 20.Qe3 Qc6 21.Rc1 Qd5 22.Bg3 Rc8
23.Rxc8+ Bxc8 24.Ne1 Bb7 25.f3 Nb6 26.Bf2 Nc4 27.Qc1 Qg5 28.Qxg5 hxg5 29.Nd3 g4
30.Ba2 gxf3 31.Bxc4 bxc4 32.Nc5 Bc6 33.gxf3 Bxf3 34.Nxa6 Kf8 35.Nc7 Ne4 36.Be1 Ke7
37.Nb5 Kd7 38.Nc3 Nd6 39.Kf2 Bc6 40.Ke2 Nf5 41.Bf2 g5 42.Kd2 g4 43.Kc2 Bf3
44.b3 cxb3+ 45.Kxb3 Ne7 46.Kc4 f5 47.Kd3 Ng6 48.Bg3 f4 49.Be1 e5 50.a4 Ke6
51.a5 Bb7 52.Ne4 Ba8 53.Bc3 exd4 54.Bxd4 Ne5+ 55.Bxe5 Kxe5 56.Nf2 Kf5 57.Ke2 Bb7
58.Kf1 Ba6+ 59.Kg1 Be2 60.Kg2 Ke5 61.a6 Bxa6  1/2-1/2

[Event "Politiken Cup"]
[Site "Copenhagen"]
[Date "1996.??.??"]
[Round "3"]
[White "Speelman, Jonathan S"]
[Black "Borbjerggaard, Lars"]
[Result "1-0"]
[WhiteElo "2625"]
[BlackElo "2185"]

1.Nf3 Nf6 2.d4 g6 3.Bg5 Bg7 4.Nbd2 h6 5.Bh4 d6 6.c3 Bf5 7.h3 g5 8.Bg3 c6
9.e3 Nbd7 10.Bc4 O-O 11.O-O Qe8 12.Re1 e5 13.Bf1 Qe7 14.e4 Bg6 15.Qb3 b6
16.Rad1 Nh5 17.Bh2 Nf4 18.Qa3 Rfe8 19.Nc4 Bf8 20.dxe5 dxe5 21.Nd6 Qe6 22.Bc4 Nxh3+
23.Kf1 Qf6 24.Nxe8 Rxe8 25.Qxa7 Nc5 26.Qc7 Nxe4 27.Bxe5 Qf5 28.Qd7 Nhxf2
29.Qxe8  1-0